header

The federal production tax credit (Record no. 74346)

MARC details
000 -LEADER
fixed length control field 01376nam a2200313 a 4500
100 1# - MAIN ENTRY--AUTHOR NAME
Personal name Anderson, Heidi.
245 14 - TITLE STATEMENT
Title The federal production tax credit
260 ## - PUBLICATION, DISTRIBUTION, ETC. (IMPRINT)
Place of publication Washington, D.C. :
Name of publisher Environmental Law Institute,
Year of publication 2003.
300 ## - PHYSICAL DESCRIPTION
Number of Pages [3] p.
490 0# - SERIES STATEMENT
Series statement Environmental law reporter news & analysis
650 #0 - SUBJECT ADDED ENTRY--TOPICAL TERM
Topical Term Wind power
Topical Term Renewable energy sources
Topical Term Wind power industry
Topical Term Environmental policy
856 40 - ELECTRONIC LOCATION AND ACCESS
Uniform Resource Identifier http://site.ebrary.com/lib/rucke/Doc?id=10046562

No items available.

© 2026 Rongo University
Contact us: librarian | system librarian | Rongo university